Činnosť ratingových agentúr v čase finančnej krízy bakalárska práca

Guardado en:
Detalles Bibliográficos
Autor principal: Bratinka, Peter
Autor Corporativo: Národohospodárska fakulta EU. Katedra financií
Otros Autores: Alexy, Martin, 1976-
Formato: Libro
Lenguaje:eslovaco
Publicado: Bratislava 2011
Etiquetas: Agregar Etiqueta
Sin Etiquetas, Sea el primero en etiquetar este registro!

MARC

LEADER 00000nam a2200000 4500
001 0152779
005 20240320072000.1
041 0 |a slo 
044 |a SK 
245 1 0 |a Činnosť ratingových agentúr v čase finančnej krízy  |b bakalárska práca  |c Peter Bratinka ; školiteľ: Martin Alexy 
264 1 |a Bratislava  |c 2011 
300 |a 45 s. 
100 1 |a Bratinka, Peter 
700 1 |a Alexy, Martin, 1976- 
710 2 |a Národohospodárska fakulta EU. Katedra financií